书目信息 |
| 题名: |
航道工程
|
|
| 作者: | 姜萌 编著 | |
| 分册: | ||
| 出版信息: | 北京 中国水利水电出版社 2009.08 |
|
| 页数: | 205页 | |
| 开本: | 26cm | |
| 丛书名: | ||
| 单 册: | ||
| 中图分类: | U61 | |
| 科图分类: | ||
| 主题词: | 航道工程--高等学校--教材 , 航道工程 | |
| 电子资源: | ||
| ISBN: | 978-7-5084-6820-4 | |
| 000 | 00969nam0 2200265 450 | |
| 001 | 1234081914 | |
| 005 | 20120108092820.32 | |
| 010 | @a978-7-5084-6820-4@dCNY25.00 | |
| 090 | @aU61@bjm | |
| 096 | @aU61@bjm | |
| 100 | @a20091102d2009 em y0chiy50 ea | |
| 101 | 0 | @achi |
| 102 | @aCN@b110000 | |
| 105 | @ay z 000yy | |
| 200 | 1 | @a航道工程@b专著@f姜萌编著@9hang dao gong cheng |
| 210 | @a北京@c中国水利水电出版社@d2009.08 | |
| 215 | @a205页@d26cm | |
| 300 | @a21世纪高等学校精品规划教材 | |
| 330 | @a本书内容包括:绪论、航道与船型、泥沙运动与河床演变、整治工程、渠化枢纽和船闸设计共6章,阐述了内河航道发展现状、泥沙运动和河床演变规律、航道整治需要解决的主要问题和采取的工程措施,通航建筑物船闸的总体布置原则、组成和类型以及船闸结构的设计理论方法。 | |
| 606 | 0 | @a航道工程@x高等学校@j教材 |
| 606 | 0 | @a航道工程 |
| 690 | @aU61@v4 | |
| 701 | 0 | @a姜萌@4编著@9jiang meng |
| 801 | 0 | @aCN@b大连网信软件有限公司图书馆·11@c20120108 |
| 905 | @aZUCC@dU61@eJ512 | |
| 航道工程/姜萌编著.-北京:中国水利水电出版社,2009.08 |
| 205页;26cm |
| 21世纪高等学校精品规划教材 |
| ISBN 978-7-5084-6820-4:CNY25.00 |
| 本书内容包括:绪论、航道与船型、泥沙运动与河床演变、整治工程、渠化枢纽和船闸设计共6章,阐述了内河航道发展现状、泥沙运动和河床演变规律、航道整治需要解决的主要问题和采取的工程措施,通航建筑物船闸的总体布置原则、组成和类型以及船闸结构的设计理论方法。 |
| ● |
| 相关链接 |
|
|
|
正题名:航道工程
索取号:U61/J512
 
预约/预借
| 序号 | 登录号 | 条形码 | 馆藏地/架位号 | 状态 | 备注 |
| 1 | 480532 | 204805327 | 自科库501/501自科库 58排7列5层/ [索取号:U61/J512] | 在馆 | |
| 2 | 480533 | 204805336 | 自科库501/501自科库 58排7列5层/ [索取号:U61/J512] | 在馆 | |
| 3 | 480534 | 204805345 | 自科库501/501自科库 58排7列5层/ [索取号:U61/J512] | 在馆 |